Normal view
MARC view
Entry Topical Term
001 - CONTROL NUMBER
- control field: 26631
003 - CONTROL NUMBER IDENTIFIER
- control field: ARRUPE
005 - DATE AND TIME OF LATEST TRANSACTION
- control field: 20161010122950.0
008 - FIXED-LENGTH DATA ELEMENTS
- fixed length control field: 161010|| aca||aabn | a|a d
040 ## - CATALOGING SOURCE
- Original cataloging agency: ARRUPE
- Transcribing agency: ARRUPE
150 ## - HEADING--TOPICAL TERM
- Topical term or geographic name as entry element: Military history,
- General subdivision: Modern.
670 ## - SOURCE DATA FOUND
- Source citation: Work cat.: (ARRUPE)0: Koch, H. W. (Hannsjoachim Wolfgang), 1933- 26630, The rise of modern warfare, 1618-1815 /, c1981.